If I ran the circus / (Record no. 304)

MARC details
000 -LEADER
fixed length control field 01433nam a22002897a 4500
001 - CONTROL NUMBER
control field 304
003 - CONTROL NUMBER IDENTIFIER
control field FISKH
005 - DATE AND TIME OF LATEST TRANSACTION
control field 20240404142239.0
008 - FIXED-LENGTH DATA ELEMENTS--GENERAL INFORMATION
fixed length control field 230317b cb ||||| |||| 00| 0 eng d
020 ## - INTERNATIONAL STANDARD BOOK NUMBER
International Standard Book Number 9780394800806
040 ## - CATALOGING SOURCE
Original cataloging agency DLC
Transcribing agency DLC
Modifying agency DLC
-- FISKH
Language of cataloging eng
050 00 - LIBRARY OF CONGRESS CALL NUMBER
Classification number PZ8.3.G276
Item number Id
082 00 - DEWEY DECIMAL CLASSIFICATION NUMBER
Classification number 811
100 1# - MAIN ENTRY--PERSONAL NAME
Personal name Geisel, Theodor
Titles and words associated with a name Dr.
Fuller form of name Theodor Seuss Geisel
245 10 - TITLE STATEMENT
Title If I ran the circus /
Statement of responsibility, etc. by Dr. Seuss.
260 ## - PUBLICATION, DISTRIBUTION, ETC.
Place of publication, distribution, etc. New York :
Name of publisher, distributor, etc. Random House,
Date of publication, distribution, etc. 1984.
300 ## - PHYSICAL DESCRIPTION
Extent 32 leaves of plates :
Other physical details illustrations ;
Dimensions 29 cm.
505 ## - FORMATTED CONTENTS NOTE
Formatted contents note H
520 ## - SUMMARY, ETC.
Summary, etc. A young boy imagines the fantastic animals and incredible acts he will have for his greatest of all circuses.<br/><br/>Dr. Seuss's classic celebration of youthful imagination! The Circus McGurkus! The World's Greatest Show On the face of the earth, or wherever you go! Young Morris McGurk's has a BIG imagination. He wants to turn the vacant lot behind Sneelock's Store into the Circus McGurkus--the most colossal, stupendous, tremendous show in the world! Here you'll be entertained by bizarre creatures like the Drum-Tummied Snum, the Juggling Jott, and the Harp-Twanging Snarp, and fantastic circus acts performed by Sneelock--a sleepy shop keeper
521 8# - TARGET AUDIENCE NOTE
Target audience note 510 <br/>
Source Lexile
521 8# - TARGET AUDIENCE NOTE
Target audience note H <br/>
Source Raz-Plus
650 #1 - SUBJECT ADDED ENTRY--TOPICAL TERM
Topical term or geographic name entry element Circus
General subdivision Poetry.
650 #1 - SUBJECT ADDED ENTRY--TOPICAL TERM
Topical term or geographic name entry element Stories in rhyme.
650 #1 - SUBJECT ADDED ENTRY--TOPICAL TERM
Topical term or geographic name entry element Fantasy.
906 ## - LOCAL DATA ELEMENT F, LDF (RLIN)
a 7
b cbc
c orignew
d u
e ocip
f 19
g y-gencatlg
942 ## - ADDED ENTRY ELEMENTS (KOHA)
Source of classification or shelving scheme Dewey Decimal Classification
Koha item type Books
Suppress in OPAC No
Holdings
Withdrawn status Lost status Source of classification or shelving scheme Damaged status Not for loan Collection Home library Current library Shelving location Date acquired Total Checkouts Full call number Barcode Date last seen Date last checked out Price effective from Koha item type
    Dewey Decimal Classification     Juvenile Fiction Footprints International School Library Network Toul Kork Campus Footprints International School Library Network Toul Kork Campus TK Primary Library Room(4th Floor), Bookcase 3&4, Shelves 17-32, Yellow Books 03/17/2023 4 GEI 811 PZ8.G276 2023-0048 06/13/2024 01/11/2024 03/17/2023 Books